Complex variables and applications (Record no. 3507)

000 -LEADER
fixed length control field 00586nam a22002297a 4500
001 - CONTROL NUMBER
control field 3507
003 - CONTROL NUMBER IDENTIFIER
control field BD-DhUET
008 - FIXED-LENGTH DATA ELEMENTS--GENERAL INFORMATION
fixed length control field 141101b xxu||||| |||| 00| 0 eng d
020 ## - INTERNATIONAL STANDARD BOOK NUMBER
International Standard Book Number 0070108552
040 ## - CATALOGING SOURCE
Transcribing agency 0
Modifying agency BD-DhUET
082 ## - DEWEY DECIMAL CLASSIFICATION NUMBER
Classification number 517.8
Item number CHU/1974
100 ## - MAIN ENTRY--PERSONAL NAME
Personal name Churchill, Ruel V.
245 ## - TITLE STATEMENT
Title Complex variables and applications
250 ## - EDITION STATEMENT
Edition statement 3rd ed.
260 ## - PUBLICATION, DISTRIBUTION, ETC. (IMPRINT)
Place of publication, distribution, etc. New York
Name of publisher, distributor, etc. McGraw-Hill
Date of publication, distribution, etc. 1974
300 ## - PHYSICAL DESCRIPTION
Extent x, 332 p.
Other physical details ill.
Dimensions 23 cm.
504 ## - BIBLIOGRAPHY, ETC. NOTE
Bibliography, etc Includes bibliographies
650 #0 - SUBJECT ADDED ENTRY--TOPICAL TERM
Topical term or geographic name as entry element Complex variables
700 ## - ADDED ENTRY--PERSONAL NAME
Personal name Brown, James W.
700 ## - ADDED ENTRY--PERSONAL NAME
Personal name Verhey, Roger F.
942 ## - ADDED ENTRY ELEMENTS (KOHA)
Koha item type General Book
Holdings
Damaged status Sublocation or collection (holding branch) Koha date last borrowed Koha date last seen Koha renewals Price effective from Koha item type Koha full call number Not for loan Shelving location Lost status Copy number Withdrawn status Location (home branch) Source of classification or shelving scheme Koha normalized classification for sorting Date acquired Piece designation (barcode)
 Central Library, BUET 2014-11-01 2014-11-01General Book517.8/CHU/1974 Circulation section 1 Central Library, BUET 517_800000000000000_CHU_19742014-11-0139411
 Central Library, BUET 2014-11-01 2014-11-01General Book517.8/CHU/1974 Circulation section 2 Central Library, BUET 517_800000000000000_CHU_19742014-11-0143301
 Central Library, BUET 2014-11-01 2014-11-01General Book517.8/CHU/1974 Circulation section 3 Central Library, BUET 517_800000000000000_CHU_19742014-11-0145109
 Central Library, BUET 2016-05-18 2014-11-01General Book517.8/CHU/1974 Circulation section 4 Central Library, BUET 517_800000000000000_CHU_19742014-11-0152889
 Central Library, BUET 2016-04-02 2014-11-17General Book517.8/CHU/1974 Circulation section 5 Central Library, BUET 517_800000000000000_CHU_19742014-11-1737655
 Central Library, BUET 2016-08-3022014-11-17General Book517.8/CHU/1974 Circulation section 6 Central Library, BUET 517_800000000000000_CHU_19742014-11-1758032
 Central Library, BUET0000-00-002015-05-03 2015-05-03General Book517.8/CHU/1974 Circulation section 7 Central Library, BUET 517_800000000000000_CHU_19742015-05-0352887
 Central Library, BUET 2015-05-03 2015-05-03General Book517.8/CHU/1974 Circulation section 8 Central Library, BUET 517_800000000000000_CHU_19742015-05-0337654
 Central Library, BUET 2015-05-04 2015-05-04General Book517.8/CHU/1974 Circulation section 9 Central Library, BUET 517_800000000000000_CHU_19742015-05-0439412
 Central Library, BUET 2015-05-20 2015-05-20General Book517.8/CHU/1974 Circulation section 10 Central Library, BUET 517_800000000000000_CHU_19742015-05-2058033
 Central Library, BUET 2015-06-13 2015-06-13Reading Item517.8/CHU/1974 Reading section 11 Central Library, BUET 517_800000000000000_CHU_19742015-06-1324535
 Central Library, BUET 2015-07-13 2015-07-13General Book517.8/CHU/1974 Circulation section 12 Central Library, BUET 517_800000000000000_CHU_19742015-07-1343304